10 trails in Barcelona : Barcelona is mucho more Barcelona is mucho more
Descripción Física:
23 pàgines : il·lustracions ; 24 cm
Idioma:
Catalán
MARC
| LEADER | 00000nam a22000007a 4500 | ||
|---|---|---|---|
| 001 | 25413 | ||
| 008 | 220509b spa||||| |||| 00| 0 cat d | ||
| 017 | |a DL B 5060-2021 | ||
| 080 | |a FU-68-64 | ||
| 245 | |a 10 trails in Barcelona : |b Barcelona is mucho more | ||
| 260 | |a Barcelona : |b Diputació de Barcelona |c 2021 | ||
| 300 | |a 23 pàgines : |b il·lustracions ; |c 24 cm | ||
| 650 | 0 | |a Cultura i lleure |z Barcelona (Província) |9 52671 | |
| 651 | 0 | |9 52676 |a Barcelona (Catalunya : Província) |v Guies | |
| 710 | 2 | |a Barcelona is Much more |e Marca turística |9 51685 | |
| 710 | 1 | |a Barcelona (Catalunya : Província). |b Diputació |9 52408 | |
| 942 | |2 udc |n 1 |c ARXIU | ||
| 952 | |0 0 |1 0 |4 0 |6 FU6864 |7 1 |9 61552 |a Arxiu |b Arxiu |d 2022-05-09 |l 0 |o FU-68-64 |p 25413 |r 2022-05-09 00:00:00 |w 2022-05-09 |y ARXIU | ||
| 999 | |c 81500 |d 81500 | ||